| 000 | 00399nam a2200145Ia 4500 | ||
|---|---|---|---|
| 008 | 230917s9999||||xx |||||||||||||| ||und|| | ||
| 040 |
_e40473 _aMAIN |
||
| 041 | _aEnglish | ||
| 082 | _a810.9 N164I | ||
| 100 | _aNarasimhaiah, C D, ed. | ||
| 245 | 0 | _aIndian response to American literature | |
| 260 |
_aNew Delhi _bUnitred States Educational Foundation _c1967 |
||
| 300 | _axl, 349 p. | ||
| 942 | _cBK | ||
| 999 |
_c91486 _d91486 |
||